| 000 | 00666nam a2200265Ia 4500 | ||
|---|---|---|---|
| 005 | 20250425161049.0 | ||
| 008 | 250425s9999 xx 000 0 und d | ||
| 041 | _aspa | ||
| 043 | _asp | ||
| 082 | _a540.3 | ||
| 100 | _aCLARK, GEORGE L. | ||
| 245 | 0 | _aENCICLOPEDIA DE QUIMICA | |
| 250 | _a1A ED. | ||
| 260 | _aBARCELONA | ||
| 260 |
_aEspaña _bOMEGA _c1961 |
||
| 300 | _a1479 | ||
| 500 | _aTítulo Traducido: THE ENCYCLOPEDIA OF CHEMISTRY | ||
| 650 | _aENCICLOPEDIAS | ||
| 650 | _aPRODUCTOS QUIMICOS INORGANICOS | ||
| 650 | _aQUIMICA | ||
| 650 | _aTERMINOLOGIA | ||
| 700 |
_aJOSE BELTRAN MARTINEZ _etraductor |
||
| 942 | _c01 | ||
| 010 | _a11710 | ||
| 999 |
_c201706 _d201706 |
||